| 000 | 00351cam a2200145ua 4500 | ||
|---|---|---|---|
| 041 |
_amal _h |
||
| 082 |
_a894.812301 _bBAL/ET |
||
| 100 | _aBalakrishna pillai, A . | ||
| 245 |
_aEttu paschyatha kathakal / _cA Balakrishna pillai. _hTextual Documents |
||
| 250 |
_a1 / _b. |
||
| 300 | _a141 ; . | ||
| 504 | _a | ||
| 942 | _cBK | ||
| 999 |
_c11502 _d11502 |
||